| 000 | 00638nam a2200193 i 4500 | ||
|---|---|---|---|
| 001 | 59239 | ||
| 003 | ES-MaACL | ||
| 005 | 20230906164007.0 | ||
| 007 | t| | ||
| 008 | 031028s1973 sp ||||1| spa d | ||
| 100 | 1 |
_aEichwald, Claus. _946817 |
|
| 245 | 1 | 0 |
_aMicoplasmosis de los animales / _cpor Claus Eichwald, Friederich Illner, Hans Trolldenier ; traducido por Jaime Esaín Escobar. |
| 260 |
_aZaragoza : _bAcribia, _c1973. |
||
| 300 |
_a211 p. : _bil. ; _c22 cm. |
||
| 700 | 1 |
_aIllner, Friedrich. _965199 |
|
| 700 | 1 |
_aTrolldenier, Hans. _9111488 |
|
| 700 | 0 |
_aEsaín Escobar, Jaime. _947449 |
|
| 852 |
_aES-MaACL _jC-55118 _bR.87745 |
||
| 999 |
_c59239 _d59239 |
||